Curso de fitopatología para graduados : apuntes de clase nº 72; /
Guardado en:
| Autor Corporativo: | |
|---|---|
| Formato: | Libro |
| Idioma: | Spanish |
| Publicado: |
Buenos Aires :
INTA,
1969.
|
| Materias: | |
| Etiquetas: |
Agregar Etiqueta
Sin Etiquetas, Sea el primero en etiquetar este registro!
|
| LEADER | 00493nam a22001575a 4500 | ||
|---|---|---|---|
| 001 | EUN.um027521 | ||
| 003 | AR-BaUNS | ||
| 005 | 20050623122904.0 | ||
| 008 | 041125s1969####ag############000#0#spa#d | ||
| 245 | 1 | 0 | |a Curso de fitopatología para graduados : |b apuntes de clase nº 72; / |c INTA. |
| 260 | |a Buenos Aires : |b INTA, |c 1969. | ||
| 300 | |a 12 p. | ||
| 082 | 0 | 4 | |a 581.2 |
| 653 | |a Sanchez De Bustamante, C. A. | ||
| 110 | 2 | |a INTA |c Buenos Aires. | |
| 859 | |a Ar-BaUNS |b BIB. CENTRAL - Sector C |h 581.2 |i In8 |p 57200/970 |v 72 | ||
